000 01259nam a2200337Ia 4500
001 ebr10326954
003 CaPaEBR
006 m u
007 cr cn|||||||||
008 960508s1996 enk sb 001 0 eng d
010 _z 96068416
020 _z9780803978706
020 _z0803978707
020 _z0803978715 (pbk.)
040 _aCaPaEBR
_cCaPaEBR
035 _a(OCoLC)464697109
050 1 4 _aHD58.7
_b.F56 1996eb
100 1 _aFineman, Stephen.
245 1 0 _aExperiencing organizations
_h[electronic resource] /
_cStephen Fineman and Yiannis Gabriel.
260 _aLondon ;
_aThousand Oaks, CA :
_bSage Publications,
_c1996.
300 _a192 p.
504 _aIncludes bibliographical references and index.
533 _aElectronic reproduction.
_bPalo Alto, Calif. :
_cebrary,
_d2009.
_nAvailable via World Wide Web.
_nAccess may be limited to ebrary affiliated libraries.
650 0 _aOrganizational behavior.
650 0 _aOrganizational sociology.
650 0 _aOrganization.
655 7 _aElectronic books.
_2local
700 1 _aGabriel, Yiannis,
_d1952-
710 2 _aebrary, Inc.
856 4 0 _uhttp://site.ebrary.com/lib/rucke/Doc?id=10326954
_zAn electronic book accessible through the World Wide Web; click to view
999 _c159756
_d159756